Household Electrical Items - Statistics

General Stats
  • This quiz has been taken 93 times
  • The average score is 13 of 16
Answer Stats
Picture Answer % Correct
Television
100%
Light Bulb
95%
Washing Machine
95%
Camera
93%
Toaster
93%
Laptop
92%
Lamp
89%
Printer
88%
Fan
86%
Speakers
84%
Remote Control
80%
Record Player
76%
Microwave Oven
69%
Toothbrush
69%
Kettle
64%
Vacuum Cleaner
62%
No matching quizzes found
Score Distribution
Percent of People with Each Score
Percentile by Number Answered
Your Score History
You have not taken this quiz